Atlas de las aves nidificantes de Chile, 2011-2016
Tallennettuna:
| Päätekijä: | |
|---|---|
| Aineistotyyppi: | Kirja |
| Kieli: | espanja |
| Julkaistu: |
Santiago
Red de Observadores de Aves y Vida Silvestre de Chile
2018
|
| Painos: | 1a. ed |
| Aiheet: | |
| Tagit: |
Lisää tagi
Ei tageja, Lisää ensimmäinen tagi!
|
MARC
| LEADER | 00000cam a2200000 a 4500 | ||
|---|---|---|---|
| 001 | UCC9378 | ||
| 003 | CL-VaPUC | ||
| 008 | 190927e20180000cl |||||||||||||||||spa|d | ||
| 020 | |a 9789560903914 | ||
| 082 | 0 | 4 | |a 598.0723483 |b MED |2 21 |
| 100 | |a Medrano Martínez, Fernando |e autor |9 604421 | ||
| 245 | 1 | 0 | |a Atlas de las aves nidificantes de Chile, 2011-2016 |
| 250 | |a 1a. ed | ||
| 300 | |a 670 p | ||
| 942 | |c BK | ||
| 945 | |d 20190927 15:31:00 |a dcastane | ||
| 260 | |a Santiago |b Red de Observadores de Aves y Vida Silvestre de Chile |c 2018 | ||
| 650 | 0 | |a Aves chilenas |9 517496 | |
| 650 | 0 | |a Ornitología |9 269493 | |
| 583 | |a last modification |c 20190927 15:31:00 |k Rodrigo Vera | ||
| 999 | |c 375564 |d 375562 | ||
| 952 | |0 0 |1 0 |3 erd |4 0 |6 598_072348300000000_MED_2018 |7 0 |8 A |9 494570 |a BIBING |b BIBING |i 5600316 |o 598.0723483 MED 2018 |p 5600316 |r 2025-01-20 |w 2019-11-24 |y BK |z Catalogado en:20190927 |k GEO | ||